00491nam a2200193Ia 4500003000400000005001700004008004100021020001800062040000700080041000800087082002100095100006100116245002500177250000600202260003800208300002200246365001400268650001500282OSt20230511142248.0210423s2007 xx 000 0 und d a9780716767640 cAL aeng a616.079 KINK223 aKINDT (Thomas J);GOLDSBY (Richard A);OSBORNE (Barbara A) aKuby immunology Ed 6 a6 aNew YorkbW H Freeman & Co.c2007 axxii,574,I-27bPB b4415cINR aImmunology